[Event "Commonwealth & South African Open 2011"]
[Site "Emperors Casino and Conference"]
[Date "2011.06.24"]
[Round "1.59"]
[White "Takawira, Erick"]
[Black "Sithole, Mfanipela"]
[Result "1-0"]
[WhiteElo "2035"]
[BlackElo "1527"]
[PlyCount "93"]
[EventDate "2011.06.24"]

1. e4 c6 2. d4 d5 3. Nc3 dxe4 4. Nxe4 Bf5 5. Ng3 Bg6 6. h4 h6 7. Nf3 Nd7 8. Bd3
Bxd3 9. Qxd3 e6 10. Bf4 Bb4+ 11. c3 Be7 12. Ne4 Ndf6 13. O-O-O Nxe4 14. Qxe4
Nf6 15. Qc2 Nd5 16. Bd2 b5 17. Ne5 Rc8 18. Qe4 c5 19. dxc5 Bxc5 20. Kb1 Qe7 21.
g4 a5 22. g5 Qb7 23. Ka1 Rc7 24. gxh6 gxh6 25. Nd3 Bd6 26. Qd4 Rg8 27. Rhg1
Rxg1 28. Rxg1 Ke7 29. Bxh6 Rc4 30. Qg7 Kd7 31. Qxf7+ Ne7 32. Bf4 Qe4 33. Bxd6
Kxd6 34. Re1 Qf5 35. Qg7 Nc6 36. Qg3+ e5 37. Rd1 Kc7 38. a3 b4 39. cxb4 axb4
40. axb4 Nd4 41. Qxe5+ Qxe5 42. Nxe5 Rxb4 43. Kb1 Ne2 44. Rh1 Kd6 45. Nd3 Rb8
46. h5 Nd4 47. h6 1-0

[Event "Commonwealth & South African Open 2011"]
[Site "Emperors Casino and Conference"]
[Date "2011.06.24"]
[Round "1.60"]
[White "Starr, Jordan R"]
[Black "Boikanyo, Cinky"]
[Result "0-1"]
[WhiteElo "1526"]
[BlackElo "2029"]
[PlyCount "72"]
[EventDate "2011.06.24"]

1. e4 c5 2. Nc3 Nc6 3. f4 g6 4. Nf3 Bg7 5. Bb5 Nd4 6. O-O Nxb5 7. Nxb5 a6 8.
Nc3 e6 9. d3 Ne7 10. Qe1 O-O 11. Qh4 Nc6 12. Qxd8 Rxd8 13. Na4 Nd4 14. c3 Ne2+
15. Kf2 Nxc1 16. Raxc1 d6 17. Nb6 Rb8 18. d4 Bd7 19. e5 Bc6 20. Rfe1 h5 21.
Red1 Bf8 22. Ng5 cxd4 23. exd6 dxc3 24. bxc3 Bxd6 25. Kg3 Bc7 26. Nc4 Rxd1 27.
Rxd1 Bd5 28. Ne5 f6 29. Nd7 fxg5 30. Nxb8 Bxb8 31. c4 Bxf4+ 32. Kh3 Bxc4 33.
Rd8+ Kg7 34. Rd7+ Kf6 35. Rxb7 e5 36. g3 Bf1# 0-1

[Event "Commonwealth & South African Open 2011"]
[Site "Emperors Casino and Conference"]
[Date "2011.06.24"]
[Round "1.61"]
[White "Tapera, Uzeni"]
[Black "Okesokun, Clement A"]
[Result "1-0"]
[WhiteElo "2028"]
[BlackElo "1520"]
[PlyCount "67"]
[EventDate "2011.06.24"]

1. e4 e5 2. Nf3 Nf6 3. Nxe5 d6 4. Nf3 Nxe4 5. d4 Be7 6. c4 c6 7. Bd3 Nf6 8. O-O
O-O 9. h3 h6 10. Nc3 Na6 11. Be3 Nc7 12. Rc1 Be6 13. Re1 Re8 14. Ne2 d5 15. b3
Bb4 16. Rf1 dxc4 17. bxc4 Bd6 18. Nf4 Bd7 19. Bb1 Ne6 20. Nd3 Nf8 21. Nfe5 Be6
22. f4 N6d7 23. f5 f6 24. fxe6 Rxe6 25. Nxd7 Rxe3 26. Nxf8 Ba3 27. Ng6 Rg3 28.
Ndf4 Bxc1 29. Qxc1 Qxd4+ 30. Kh1 Rc3 31. Qe1 Qxc4 32. Bf5 Qc5 33. Qe6+ Kh7 34.
Ne7+ 1-0

[Event "Commonwealth & South African Open 2011"]
[Site "Emperors Casino and Conference"]
[Date "2011.06.24"]
[Round "1.63"]
[White "Kromhout, Alexander"]
[Black "Quirk, Terence"]
[Result "1-0"]
[WhiteElo "2005"]
[BlackElo "1512"]
[PlyCount "61"]
[EventDate "2011.06.24"]

1. e4 c5 2. Nf3 d6 3. d4 cxd4 4. Nxd4 Nf6 5. Nc3 a6 6. Be3 e5 7. Nb3 Be7 8. f3
Be6 9. Qd2 O-O 10. O-O-O Qc7 11. Kb1 Nbd7 12. g4 Rfd8 13. h4 Nb6 14. Qf2 Nc4
15. Bxc4 Qxc4 16. Na5 Qc8 17. g5 Nh5 18. Nd5 Bxd5 19. Rxd5 f5 20. Rhd1 fxe4 21.
fxe4 Rf8 22. Qe2 Nf4 23. Bxf4 Rxf4 24. Nc4 Rxh4 25. Nb6 Qf8 26. Nxa8 Qxa8 27.
Qc4 Kh8 28. Qc7 Bxg5 29. Rxd6 h5 30. Rg6 Bf6 31. Rxf6 1-0

[Event "Commonwealth & South African Open 2011"]
[Site "Emperors Casino and Conference"]
[Date "2011.06.24"]
[Round "1.64"]
[White "Prodromos, Georgios"]
[Black "Ivana Maria, Furtado"]
[Result "0-1"]
[WhiteElo "1511"]
[BlackElo "1999"]
[PlyCount "66"]
[EventDate "2011.06.24"]

1. e4 e6 2. d4 d5 3. Nd2 Nf6 4. e5 Nfd7 5. Bd3 c5 6. c3 Nc6 7. Ne2 cxd4 8. cxd4
f6 9. exf6 Nxf6 10. Nf3 Bd6 11. Bf4 Qa5+ 12. Qd2 Bb4 13. Nc3 O-O 14. O-O Ne4
15. Bxe4 dxe4 16. Ne5 Nxd4 17. Qxd4 Rxf4 18. Nxe4 Qd5 19. Qxd5 exd5 20. Nc3 Be6
21. Rad1 Bxc3 22. bxc3 Ra4 23. Rd2 Rc8 24. Rc1 Ra3 25. c4 dxc4 26. Rd6 Re8 27.
Rcd1 h6 28. Ng6 Bf7 29. Nf4 Rxa2 30. Nh3 b5 31. Rb1 a6 32. Rdd1 c3 33. Rb4 Bc4
0-1

[Event "Commonwealth & South African Open 2011"]
[Site "Emperors Casino and Conference"]
[Date "2011.06.24"]
[Round "1.65"]
[White "Lewis, Mark MM"]
[Black "Ottervanger, Werner A"]
[Result "1-0"]
[WhiteElo "1993"]
[BlackElo "1506"]
[PlyCount "45"]
[EventDate "2011.06.24"]

1. d4 d5 2. c4 e6 3. Nf3 Nf6 4. g3 Be7 5. Bg2 O-O 6. O-O c6 7. Nbd2 Nbd7 8. Qc2
b6 9. e4 dxe4 10. Nxe4 Bb7 11. Rd1 Nxe4 12. Qxe4 Nf6 13. Qe2 Qc8 14. Bf4 Re8
15. Bh3 Ba6 16. Ne5 Bd6 17. Rac1 Qc7 18. Bg2 Nd5 19. Bd2 Bxe5 20. Qxe5 Qxe5 21.
dxe5 Ne7 22. Bg5 Rac8 23. Rd7 1-0

[Event "Commonwealth & South African Open 2011"]
[Site "Emperors Casino and Conference"]
[Date "2011.06.24"]
[Round "1.66"]
[White "Bester, Christiaan"]
[Black "Wilken, Justin B"]
[Result "0-1"]
[WhiteElo "1498"]
[BlackElo "1987"]
[PlyCount "82"]
[EventDate "2011.06.24"]

1. e4 g6 2. d4 Bg7 3. f4 d5 4. e5 h5 5. Nf3 Bg4 6. h3 Bxf3 7. Qxf3 e6 8. Bd3
Nc6 9. c3 Nh6 10. b3 h4 11. Na3 Ne7 12. Nc2 Nhf5 13. Bxf5 Nxf5 14. O-O Bh6 15.
Ne3 Ng3 16. Re1 Ne4 17. Ng4 Bg7 18. Nf2 Ng3 19. Nd3 c6 20. a4 Rh5 21. Be3 Rf5
22. Bf2 Ne4 23. Kh2 g5 24. Rxe4 dxe4 25. Qxe4 gxf4 26. Nxf4 Bh6 27. Be3 Bxf4+
28. Bxf4 Qd5 29. Qe3 O-O-O 30. Bg5 f6 31. Bxf6 Rg8 32. Rg1 Qxb3 33. Bxh4 Rh5
34. Bf6 Qxa4 35. g4 Rh7 36. Qd3 Rd7 37. Qe3 c5 38. dxc5 Qc2+ 39. Rg2 Qh7 40. g5
Rd3 41. g6 Rxg6 0-1

[Event "Commonwealth & South African Open 2011"]
[Site "Emperors Casino and Conference"]
[Date "2011.06.24"]
[Round "1.67"]
[White "Solo, Muzenda"]
[Black "Harding, Allen PR"]
[Result "1-0"]
[WhiteElo "1967"]
[BlackElo "1493"]
[PlyCount "93"]
[EventDate "2011.06.24"]

1. e4 e5 2. Nc3 Nf6 3. g3 Nc6 4. Bg2 Bc5 5. h3 a6 6. d3 d6 7. Nge2 Nd4 8. O-O
Be6 9. Kh2 h6 10. f4 Bd7 11. a3 Qe7 12. Nxd4 Bxd4 13. Ne2 Bb6 14. c4 Bc6 15. b4
h5 16. Bh1 Qe6 17. f5 Qe7 18. Rb1 Qd7 19. Nc3 Bd4 20. Nd5 Nxd5 21. exd5 Ba4 22.
Qe2 O-O-O 23. Be3 Bxe3 24. Qxe3 Kb8 25. Qd2 b5 26. c5 f6 27. c6 Qf7 28. Be4 Qg8
29. Rf2 Qh7 30. Bg2 Qh6 31. Qxh6 Rxh6 32. Bf3 Rdh8 33. Bd1 Bxd1 34. Rxd1 g6 35.
fxg6 Rxg6 36. Rdf1 Rf8 37. Rf5 Rh6 38. Ra1 Ka7 39. Raf1 Kb6 40. Rg5 fxg5 41.
Rxf8 g4 42. Rb8+ Ka7 43. Rb7+ Ka8 44. Rxc7 Kb8 45. Rf7 Rh8 46. h4 Rh6 47. Kg2
1-0

[Event "Commonwealth & South African Open 2011"]
[Site "Emperors Casino and Conference"]
[Date "2011.06.24"]
[Round "1.68"]
[White "Block, Tevye LN"]
[Black "Odendaal, Frederick"]
[Result "0-1"]
[WhiteElo "1492"]
[BlackElo "1959"]
[PlyCount "86"]
[EventDate "2011.06.24"]

1. e4 c6 2. Nf3 d5 3. exd5 cxd5 4. Bb5+ Nc6 5. O-O Bg4 6. h3 Bh5 7. Qe2 Qb6 8.
Nc3 Nf6 9. Qd3 Bg6 10. Qd4 Qxb5 11. Nxb5 Nxd4 12. Nc7+ Kd7 13. Nxa8 Nxf3+ 14.
gxf3 e6 15. d3 Bc5 16. Be3 d4 17. Bf4 Rxa8 18. Kg2 Nd5 19. Be5 f6 20. Bg3 Bb6
21. f4 Nb4 22. a3 Nd5 23. f3 Ne3+ 24. Kf2 Nxf1 25. Kxf1 Rc8 26. Rc1 Bxd3+ 27.
Ke1 Bxc2 28. Bf2 Bb3 29. Rxc8 Kxc8 30. Kd2 Bc4 31. b4 Bb5 32. h4 h5 33. f5 e5
34. Bg3 Kd7 35. f4 e4 36. Be1 Kc6 37. Kc2 Kd5 38. Kd2 e3+ 39. Kc1 d3 40. Kd1
Bd4 41. Bg3 Bc3 42. Bh2 Bd2 43. a4 Bxa4# 0-1

[Event "Commonwealth & South African Open 2011"]
[Site "Emperors Casino and Conference"]
[Date "2011.06.24"]
[Round "1.69"]
[White "Skosana, Stephen"]
[Black "Mogashoa, Patrick"]
[Result "1-0"]
[WhiteElo "1959"]
[BlackElo "1489"]
[PlyCount "119"]
[EventDate "2011.06.24"]

1. d4 Nf6 2. c4 c5 3. d5 d6 4. Nc3 g6 5. e4 Bg7 6. Nf3 Nbd7 7. Be2 O-O 8. O-O
Ng4 9. Bg5 f6 10. Bd2 a6 11. h3 Nh6 12. Rb1 Nf7 13. a3 Nde5 14. Ne1 Re8 15. f4
Nd7 16. Nd3 Nf8 17. b4 b6 18. Bg4 e5 19. bxc5 bxc5 20. f5 g5 21. Bh5 Bd7 22. h4
h6 23. hxg5 hxg5 24. Kf2 Re7 25. Qf3 Be8 26. Rh1 Rb8 27. Rxb8 Qxb8 28. Rb1 Qa8
29. Qd1 Rb7 30. Rb3 Qb8 31. Nc1 Nd7 32. Rxb7 Qxb7 33. Qb3 Qxb3 34. Nxb3 Nb6 35.
Na5 Bf8 36. Ke2 Be7 37. Kd3 Kf8 38. Nc6 Bxc6 39. dxc6 Nd8 40. Nd5 Nc8 41. c7
Nc6 42. a4 a5 43. Kc3 Nb4 44. Kb3 Nc6 45. Kc3 Nb4 46. Bc1 Na2+ 47. Kc2 Nb4+ 48.
Kd2 Nc6 49. Ke3 Nd4 50. Bd2 Nc2+ 51. Kf2 Nb4 52. Kg3 Nc6 53. Kg4 Nb4 54. Bg6
Nc6 55. Bxg5 fxg5 56. f6 Bd8 57. Kxg5 Bxf6+ 58. Kxf6 Nd4 59. Bh5 Nc6 60. Bg4
1-0

[Event "Commonwealth & South African Open 2011"]
[Site "Emperors Casino and Conference"]
[Date "2011.06.24"]
[Round "1.70"]
[White "Tshabalala, Mshumayli"]
[Black "Tafira, Tinashe"]
[Result "0-1"]
[WhiteElo "1489"]
[BlackElo "1953"]
[PlyCount "120"]
[EventDate "2011.06.24"]

1. e4 c5 2. Nf3 d6 3. Bc4 Nf6 4. Nc3 Nc6 5. O-O g6 6. d4 cxd4 7. Nxd4 Bg7 8.
Be3 O-O 9. f3 Bd7 10. Bf2 Rc8 11. Bb3 Ne5 12. Qe2 a6 13. Rfd1 b5 14. a4 b4 15.
Nd5 Nxd5 16. exd5 a5 17. h3 g5 18. Be3 h6 19. f4 gxf4 20. Bxf4 Ng6 21. Be3 Kh7
22. Qd3 f5 23. Rf1 Ne5 24. Qe2 Qe8 25. Rad1 Qg6 26. Kh1 Rf6 27. Bf4 Rff8 28.
Rd2 Rc5 29. Nf3 Qf6 30. Be3 Nxf3 31. Rxf3 Qxb2 32. Bxc5 dxc5 33. Rd1 Bf6 34.
Qc4 Rc8 35. Qa6 c4 36. Qxa5 cxb3 37. cxb3 Qe2 38. Rdf1 Rc2 39. R3f2 Qd3 40.
Qxb4 Rxf2 41. Rxf2 Qb1+ 42. Kh2 Be5+ 43. g3 Bd6 44. Qc4 Qe1 45. Kg2 Qe5 46. Qd3
Bc8 47. a5 e6 48. dxe6 Bb7+ 49. Kh2 Be4 50. Qe3 Qa1 51. Rg2 Qxa5 52. Qd4 Qc7
53. Rd2 Bxg3+ 54. Kg1 Bc6 55. Qc5 Be5 56. Rc2 Qg7+ 57. Kf1 Be4 58. Ra2 Bd3+ 59.
Ke1 Bc3+ 60. Rd2 Bd4 0-1

[Event "Commonwealth & South African Open 2011"]
[Site "Emperors Casino and Conference"]
[Date "2011.06.24"]
[Round "1.71"]
[White "Pitso, Fusi P"]
[Black "Agulhas, Tiffany"]
[Result "1-0"]
[WhiteElo "1949"]
[BlackElo "1488"]
[PlyCount "93"]
[EventDate "2011.06.24"]

1. e4 c5 2. Nf3 d6 3. Bb5+ Nd7 4. O-O a6 5. Be2 Ngf6 6. Nc3 e6 7. d4 cxd4 8.
Qxd4 Be7 9. Bg5 e5 10. Qd2 Nc5 11. Bxf6 Bxf6 12. Rfd1 Be7 13. b4 Nd7 14. Nd5
Bf8 15. Qc3 Rb8 16. Nc7+ Ke7 17. Rd2 Nf6 18. Nxe5 Be6 19. Bf3 Rc8 20. Nxe6 fxe6
21. Qb3 Qc7 22. Ng4 Ne8 23. Qe3 Kf7 24. Rad1 Kg8 25. e5 d5 26. Rxd5 h5 27. Rd7
Qxc2 28. Be4 Qxd1+ 29. Rxd1 hxg4 30. Qb6 Rh6 31. g3 Rc4 32. Rd4 Rc1+ 33. Kg2
Nc7 34. Bxb7 Rh5 35. Bxa6 Rxe5 36. Bc4 Ree1 37. Rxg4 Nd5 38. Bxd5 exd5 39. Rd4
Rb1 40. a4 Rg1+ 41. Kh3 Rge1 42. a5 Rb2 43. Rf4 Rbe2 44. Qd8 Re8 45. Qxd5+ Kh7
46. Qh5+ Kg8 47. Qf7+ 1-0

[Event "Commonwealth & South African Open 2011"]
[Site "Emperors Casino and Conference"]
[Date "2011.06.24"]
[Round "1.72"]
[White "Davies, Yibka"]
[Black "Gumpo, Thabo"]
[Result "0-1"]
[WhiteElo "1485"]
[BlackElo "1944"]
[PlyCount "160"]
[EventDate "2011.06.24"]

1. e4 c5 2. Nf3 e6 3. d4 cxd4 4. Nxd4 Nc6 5. Nc3 a6 6. Be3 Nf6 7. f3 Bb4 8. Qd2
d5 9. Nxc6 bxc6 10. e5 Nd7 11. a3 Qa5 12. O-O-O Bxc3 13. Qxc3 Qxc3 14. bxc3
Nxe5 15. Bd4 Nd7 16. Bxg7 Rg8 17. Bd4 c5 18. Be3 c4 19. g3 Rb8 20. Bh3 Rb5 21.
Rhe1 Ne5 22. Bg2 Bb7 23. f4 Ng4 24. Bg1 h5 25. f5 Kd7 26. fxe6+ fxe6 27. Re2
Kd6 28. Rde1 Bc8 29. h3 Nh6 30. Bh2 Ke7 31. Re5 h4 32. g4 Kf6 33. Rh5 Nf5 34.
Re2 Kg6 35. Bf4 Ng3 36. Rh6+ Kg7 37. Rf2 Rf8 38. Be5+ Kxh6 39. Rxf8 Bd7 40.
Rh8+ Kg5 41. Bf3 Ne4 42. Rh5+ Kg6 43. Rxh4 Ng5 44. Bg2 Nf7 45. Rh5 Ra5 46. Kb2
Rb5+ 47. Ka2 Rb7 48. Bf3 Ba4 49. Bd1 Re7 50. Bg3 Re8 51. Be5 Bd7 52. Bg3 Ng5
53. Be5 Rf8 54. Rh8 Rxh8 55. Bxh8 Nxh3 56. Be5 Nf2 57. Bf3 Kg5 58. Kb2 Nxg4 59.
Bxg4 Kxg4 60. Kc1 Kf3 61. Kd2 Ke4 62. Bg7 e5 63. Bf6 Bg4 64. Bh8 Kf4 65. Bg7
Bd7 66. Bh8 Ba4 67. Bg7 Bd7 68. Bh8 Bc6 69. Bg7 Ba4 70. Bh8 e4 71. Bd4 Kf3 72.
Bc5 Bd7 73. Bd4 Ba4 74. Bc5 Bb5 75. Bd4 Kf4 76. Be3+ Ke5 77. Bd4+ Kf4 78. Be3+
Kf5 79. Bc5 Ba4 80. Bd4 Kf4 0-1

[Event "Commonwealth & South African Open 2011"]
[Site "Emperors Casino and Conference"]
[Date "2011.06.24"]
[Round "1.73"]
[White "Ristovich, Dmitar"]
[Black "Pearson, Russel JW"]
[Result "1-0"]
[WhiteElo "1939"]
[BlackElo "1482"]
[PlyCount "63"]
[EventDate "2011.06.24"]

1. d4 d5 2. c4 c6 3. Nc3 Nf6 4. e3 e6 5. Nf3 a6 6. c5 Nbd7 7. Bd3 Qc7 8. b4 a5
9. b5 e5 10. b6 Qb8 11. Be2 Be7 12. a4 O-O 13. O-O exd4 14. exd4 Ne4 15. Nxe4
dxe4 16. Ng5 Bxg5 17. Bxg5 f5 18. Qb3+ Kh8 19. Be7 Re8 20. Bd6 Nxc5 21. dxc5
Be6 22. Qxe6 Rxe6 23. Bxb8 Rxb8 24. Rfd1 g6 25. Rd7 Ree8 26. Rad1 Kg8 27. Rc7
Red8 28. Rxd8+ Rxd8 29. Rxb7 Rd2 30. Bf1 Ra2 31. Rc7 Rb2 32. b7 1-0

[Event "Commonwealth & South African Open 2011"]
[Site "Emperors Casino and Conference"]
[Date "2011.06.24"]
[Round "1.74"]
[White "Qanqa, Noxolo S"]
[Black "Klein, Bernard A"]
[Result "0-1"]
[WhiteElo "1476"]
[BlackElo "1937"]
[PlyCount "104"]
[EventDate "2011.06.24"]

1. e4 c6 2. d4 d5 3. Nc3 dxe4 4. Nxe4 Bf5 5. Ng3 Bg6 6. h4 h6 7. Nf3 Nd7 8. c3
Ngf6 9. h5 Bh7 10. Bd3 Bxd3 11. Qxd3 e6 12. Bf4 Be7 13. O-O O-O 14. c4 Qb6 15.
b3 Rad8 16. Rad1 Qa5 17. Bd2 Qc7 18. Nh2 Rfe8 19. Qf3 e5 20. Bc3 Bd6 21. dxe5
Nxe5 22. Qf5 Ned7 23. Ng4 Nxg4 24. Qxg4 Be5 25. Bxe5 Nxe5 26. Qf5 Rd6 27. Ne4
Rde6 28. Rd2 Nxc4 29. bxc4 Rxe4 30. Rd7 Qf4 31. Qxf4 Rxf4 32. Rxb7 a5 33. Rc1
Re2 34. Rd1 Rfxf2 35. Rb8+ Kh7 36. Rdd8 Rxg2+ 37. Kf1 Ref2+ 38. Ke1 g5 39. Rh8+
Kg7 40. Rbg8+ Kf6 41. Rxh6+ Kf5 42. Re8 Rxa2 43. Kf1 Raf2+ 44. Ke1 Rc2 45. Kf1
Rh2 46. Kg1 Rhd2 47. Re1 Rxc4 48. Rf1+ Kg4 49. Rxf7 a4 50. Rh8 Kg3 51. Rhf8
Rg2+ 52. Kh1 Rh4# 0-1

[Event "Commonwealth & South African Open 2011"]
[Site "Emperors Casino and Conference"]
[Date "2011.06.24"]
[Round "1.75"]
[White "James, Michael"]
[Black "van Zyl, Charlize"]
[Result "1-0"]
[WhiteElo "1932"]
[BlackElo "1473"]
[PlyCount "65"]
[EventDate "2011.06.24"]

1. e4 c5 2. Nf3 d6 3. d4 cxd4 4. Nxd4 Nf6 5. Nc3 g6 6. Be3 Bg7 7. f3 O-O 8. Bc4
Bd7 9. Qd2 Nc6 10. O-O-O Rb8 11. Bb3 Qc7 12. h4 Ne5 13. h5 Nc4 14. Bxc4 Qxc4
15. hxg6 fxg6 16. Bh6 Rf7 17. Bxg7 Rxg7 18. g4 b5 19. b3 Qc5 20. g5 Nh5 21. Nd5
Qa3+ 22. Kb1 a5 23. f4 Ng3 24. Rhe1 Qc5 25. Qe3 Nh5 26. f5 gxf5 27. Qh3 Rxg5
28. Rg1 Rxg1 29. Rxg1+ Kf8 30. Qxh5 Qxd4 31. Qh6+ Kf7 32. Qxh7+ Ke6 33. Qxf5#
1-0

[Event "Commonwealth & South African Open 2011"]
[Site "Emperors Casino and Conference"]
[Date "2011.06.24"]
[Round "1.78"]
[White "Grobbelaar, Jacqui"]
[Black "Gochhikar, Aparajita"]
[Result "0-1"]
[WhiteElo "1467"]
[BlackElo "1915"]
[PlyCount "77"]
[EventDate "2011.06.24"]

1. e4 d6 2. d4 Nf6 3. Nc3 g6 4. Be3 c6 5. Nh3 Bd7 6. Ng1 Bc8 7. h3 Nbd7 8. Bc4
b5 9. Bd3 Bb7 10. Nf3 e5 11. dxe5 dxe5 12. Qd2 Bg7 13. Bh6 O-O 14. Bxg7 Kxg7
15. O-O-O a5 16. Ne2 Qb6 17. Ng3 c5 18. Rhf1 c4 19. Be2 Rfd8 20. Qg5 Bxe4 21.
Nxe5 Nxe5 22. Nxe4 Nxe4 23. Qxe5+ Nf6 24. Bf3 Rac8 25. g4 Kg8 26. g5 Nd7 27.
Qe7 Nc5 28. Bd5 Rf8 29. f4 Rc7 30. Qe5 Rd7 31. f5 Qc7 32. Qxc7 Rxc7 33. fxg6
hxg6 34. h4 Kg7 35. Rf6 Rd8 36. Bf3 Rh8 37. Rd4 Ne6 38. Rd5 Rxh4 39. Rxb5 0-1

[Event "Commonwealth & South African Open 2011"]
[Site "Emperors Casino and Conference"]
[Date "2011.06.24"]
[Round "1.79"]
[White "Gems, Patrick"]
[Black "Quirk, Roland"]
[Result "1-0"]
[WhiteElo "1903"]
[BlackElo "1463"]
[PlyCount "41"]
[EventDate "2011.06.24"]

1. e4 e6 2. d4 d5 3. Nc3 Nf6 4. e5 Nfd7 5. Nce2 c5 6. c3 Nc6 7. Nf3 Be7 8. a3
cxd4 9. cxd4 h6 10. Nf4 g5 11. Nh5 Qa5+ 12. Bd2 Qb6 13. Bc3 f6 14. Qd3 Kf7 15.
exf6 Nxf6 16. Nxf6 Bxf6 17. Be2 Bd7 18. Ne5+ Nxe5 19. Bh5+ Kf8 20. dxe5 Be7 21.
Qf3+ 1-0

[Event "Commonwealth & South African Open 2011"]
[Site "Emperors Casino and Conference"]
[Date "2011.06.24"]
[Round "1.80"]
[White "Grove, Izak"]
[Black "Nene, Themba"]
[Result "0-1"]
[WhiteElo "1445"]
[BlackElo "1902"]
[PlyCount "62"]
[EventDate "2011.06.24"]

1. e4 c5 2. Nf3 Nc6 3. Bc4 e6 4. Nc3 Nf6 5. e5 Ng4 6. Qe2 Qc7 7. d3 Ngxe5 8.
Bf4 Nxd3+ 9. Qxd3 Qxf4 10. O-O Be7 11. Rfe1 O-O 12. Ne2 Qc7 13. Ng3 a6 14. a3
b5 15. Ba2 Bb7 16. Ne4 h6 17. Rad1 d5 18. Ng3 Rad8 19. Bb1 c4 20. Qe2 Bf6 21.
c3 d4 22. cxd4 Nxd4 23. Nxd4 Bxd4 24. Qg4 f5 25. Nxf5 exf5 26. Bxf5 Bxf2+ 27.
Kxf2 Rxf5+ 28. Kg1 Rxd1 29. Rxd1 Qc5+ 30. Kh1 Qf2 31. Qg6 Qf1+ 0-1

[Event "Commonwealth & South African Open 2011"]
[Site "Emperors Casino and Conference"]
[Date "2011.06.24"]
[Round "1.81"]
[White "Mokomele, Andrew"]
[Black "Vosloo, Cicel"]
[Result "1-0"]
[WhiteElo "1898"]
[BlackElo "1442"]
[PlyCount "71"]
[EventDate "2011.06.24"]

1. d4 Nf6 2. c4 g6 3. Nc3 Bg7 4. e4 d6 5. f4 O-O 6. Nf3 c5 7. d5 e6 8. Bd3 exd5
9. cxd5 Re8 10. O-O Bg4 11. Qb3 Bxf3 12. Rxf3 Qb6 13. Qxb6 axb6 14. Nb5 Rd8 15.
Nc7 Ra7 16. Nb5 Ra8 17. Nc7 Ra7 18. Bd2 Na6 19. Nb5 Raa8 20. Re1 Rac8 21. Bc4
Nc7 22. Nc3 Re8 23. e5 dxe5 24. fxe5 Nd7 25. e6 fxe6 26. dxe6 Bd4+ 27. Kh1 Ne5
28. Rxe5 Bxe5 29. e7+ Kg7 30. Bg5 h6 31. Rf7+ Kh8 32. Bxh6 Rg8 33. g3 Ne8 34.
Rf8 Nf6 35. Bxg8 Ne8 36. Be6+ 1-0

[Event "Commonwealth & South African Open 2011"]
[Site "Emperors Casino and Conference"]
[Date "2011.06.24"]
[Round "1.82"]
[White "Mantati, Victor S"]
[Black "Peretz, Leon"]
[Result "0-1"]
[WhiteElo "1441"]
[BlackElo "1897"]
[PlyCount "60"]
[EventDate "2011.06.24"]

1. e4 c5 2. Nf3 d6 3. d4 cxd4 4. Nxd4 Nf6 5. Nc3 a6 6. Bc4 e5 7. Nb3 Be6 8. Bd5
Nxd5 9. Nxd5 Nd7 10. Be3 Rc8 11. Qd2 Bxd5 12. exd5 Be7 13. a4 O-O 14. O-O f5
15. f4 Nb6 16. Na5 Nc4 17. Nxc4 Rxc4 18. b3 Re4 19. Qd3 Bf6 20. Rad1 Qe7 21.
fxe5 Bxe5 22. g3 Bxg3 23. Rf3 Be5 24. Kh1 Re8 25. Rd2 Bxh2 26. Rxh2 Rxe3 27.
Qxf5 Re1+ 28. Kg2 Re2+ 29. Rf2 Rxf2+ 30. Kxf2 Rf8 0-1

[Event "Commonwealth & South African Open 2011"]
[Site "Emperors Casino and Conference"]
[Date "2011.06.24"]
[Round "1.83"]
[White "Oberholzer, Francois"]
[Black "Roets, Marius H"]
[Result "1-0"]
[WhiteElo "1896"]
[BlackElo "1439"]
[PlyCount "99"]
[EventDate "2011.06.24"]

1. e4 c5 2. Nf3 e6 3. c3 Nf6 4. e5 Nd5 5. d4 d6 6. Bc4 Be7 7. O-O O-O 8. Bd3
Nc6 9. exd6 Qxd6 10. dxc5 Qxc5 11. Qc2 f5 12. b4 Ndxb4 13. cxb4 Qxc2 14. Bxc2
Bf6 15. Ba3 Bxa1 16. b5 Nd4 17. Nxd4 Bxd4 18. Bxf8 Kxf8 19. Rd1 Bc5 20. g4 Ke7
21. gxf5 exf5 22. Rd5 b6 23. Bxf5 Bb7 24. Rd7+ Kf6 25. Bxh7 Bf3 26. Nd2 Be2 27.
Ne4+ Ke5 28. Rc7 Bb4 29. Rxg7 Bf3 30. Rg3 Rf8 31. Ng5 Bd5 32. Re3+ Kf6 33. Be4
Bxa2 34. Nh7+ Kg7 35. Nxf8 Kxf8 36. Bc6 Bf7 37. Re4 Bc5 38. Ra4 Kg7 39. Rxa7
Kf6 40. Kg2 Be6 41. Rh7 Kg6 42. Be4+ Kg5 43. h4+ Kf4 44. Bc6 Bg4 45. h5 Kg5 46.
Be8 Bf5 47. Rg7+ Kh6 48. Rf7 Bc2 49. Rf4 Kg5 50. Rc4 1-0

[Event "Commonwealth & South African Open 2011"]
[Site "Emperors Casino and Conference"]
[Date "2011.06.24"]
[Round "1.84"]
[White "Pienaar, Jean"]
[Black "Aparna, Raja"]
[Result "1/2-1/2"]
[WhiteElo "1434"]
[BlackElo "1893"]
[PlyCount "68"]
[EventDate "2011.06.24"]

1. e4 d5 2. exd5 Qxd5 3. Nc3 Qa5 4. Bc4 Nf6 5. d3 c6 6. Nf3 Bg4 7. h3 Qh5 8.
Rg1 Bxf3 9. Qxf3 Qxf3 10. gxf3 e6 11. Bg5 Nbd7 12. Ne4 Nd5 13. O-O-O Ne5 14. f4
Ng6 15. f5 exf5 16. Ng3 f4 17. Rde1+ Kd7 18. Nf5 f6 19. Bh4 Nxh4 20. Nxh4 g5
21. Nf5 Bc5 22. d4 Bb6 23. c3 Rhe8 24. Kd2 Bc7 25. Rxe8 Rxe8 26. Re1 Rxe1 27.
Kxe1 Nb6 28. Bb3 Nd5 29. Ke2 Ne7 30. Nxe7 Kxe7 31. Bc2 h6 32. Bf5 b6 33. f3 Kd6
34. Kd3 Bd8 1/2-1/2

[Event "Commonwealth & South African Open 2011"]
[Site "Emperors Casino and Conference"]
[Date "2011.06.24"]
[Round "1.85"]
[White "Choko, Siyabonga V"]
[Black "Robin, Amal K"]
[Result "1-0"]
[WhiteElo "1890"]
[BlackElo "1433"]
[PlyCount "97"]
[EventDate "2011.06.24"]

1. e4 e6 2. d4 d5 3. Nc3 dxe4 4. Nxe4 b6 5. Nf3 Bb7 6. Bd3 c5 7. dxc5 bxc5 8.
O-O Be7 9. Bb5+ Nc6 10. Ne5 Qc7 11. Bf4 Qc8 12. Nd6+ Bxd6 13. Qxd6 Nge7 14.
Bxc6+ Nxc6 15. Rfe1 Nd4 16. Rad1 f6 17. Ng4 Kf7 18. c3 Rd8 19. Qc7+ Qxc7 20.
Bxc7 Rd7 21. Ba5 Bf3 22. gxf3 Nxf3+ 23. Kf1 Rxd1 24. Rxd1 Ke8 25. Kg2 Nh4+ 26.
Kg3 Nf5+ 27. Kf3 Rb8 28. b4 cxb4 29. Bxb4 Rb5 30. a4 Rb7 31. Ne3 Nh6 32. a5 Rc7
33. Rd6 Kf7 34. a6 Ng8 35. Rd8 Ne7 36. Rb8 Nc6 37. Rb7 Rxb7 38. axb7 Ke8 39.
Bd6 Kd7 40. Nc4 e5 41. Na5 e4+ 42. Kxe4 f5+ 43. Kxf5 a6 44. Nxc6 a5 45. b8=Q
Kxc6 46. Ke5 a4 47. c4 Kd7 48. Qc7+ Ke8 49. Qe7# 1-0

[Event "Commonwealth & South African Open 2011"]
[Site "Emperors Casino and Conference"]
[Date "2011.06.24"]
[Round "1.91"]
[White "van Zyl, Marius J"]
[Black "Tshikota, Gregory"]
[Result "1-0"]
[WhiteElo "1877"]
[BlackElo "1421"]
[PlyCount "77"]
[EventDate "2011.06.24"]

1. c4 d5 2. cxd5 Qxd5 3. Nc3 Qa5 4. b4 Qxb4 5. Rb1 Qa5 6. Nf3 c6 7. Qb3 Nf6 8.
e4 e6 9. Bc4 Nbd7 10. O-O Bd6 11. d4 Be7 12. Bd2 Qh5 13. Be2 Qa5 14. Rfe1 O-O
15. e5 Nd5 16. Nxd5 Qxd5 17. Bc4 Nc5 18. Bxd5 Nxb3 19. Bxb3 a5 20. Bg5 Ba3 21.
Nd2 b5 22. Ne4 h6 23. Bc1 Bb4 24. Bd2 Ba3 25. Red1 Rd8 26. Be3 a4 27. Bc2 Rd5
28. f4 Ba6 29. Nc3 Rd7 30. f5 Bf8 31. f6 g6 32. Ne4 h5 33. Nc5 Rc7 34. Be4 Bc8
35. Rxb5 cxb5 36. Bxa8 Bxc5 37. dxc5 Bd7 38. c6 Bxc6 39. Rc1 1-0

[Event "Commonwealth & South African Open 2011"]
[Site "Emperors Casino and Conference"]
[Date "2011.06.24"]
[Round "1.95"]
[White "Mudongo, Boikutso"]
[Black "Vieira, Brandon"]
[Result "1-0"]
[WhiteElo "1864"]
[BlackElo "1412"]
[PlyCount "40"]
[EventDate "2011.06.24"]

1. e4 e5 2. Nf3 Nc6 3. Bb5 d6 4. h3 Bd7 5. O-O Nf6 6. Re1 Be7 7. c3 a6 8. Ba4
O-O 9. d4 Qe8 10. Bc2 h6 11. Nbd2 b5 12. Nf1 Bd8 13. a3 Rb8 14. Ng3 Nh7 15. Qd3
f6 16. Nh4 g5 17. Nhf5 Qg6 18. Bd2 Bxf5 19. Nxf5 Ne7 20. Ng3 Kh8 1-0